Nápady a výpůjčky : inovace studijních programů hudební a výtvarné umění Ostravské univerzity /

Hlavní autor: Čabalová, Eliška, 1955-
Jazyk: Čeština
Vydáno: Ostrava : Ostravská univerzita v Ostravě, 2014
Vydání: Vydání první
Témata:
Fyzický popis: 64 stran : barevné ilustrace ; 30 cm
Knihy
Uloženo v:
LEADER 02217nam a2200589 i 4500
001 nkc20142649010
003 CZ PrNK
005 20150710094528.0
007 ta
008 150512s2014 xr a e p 000 0 cze
015 |a cnb002649010 
020 |a 978-80-7464-684-3  |q (brožováno) 
035 |a (OCoLC)913563141 
040 |a BOA001  |b cze  |e rda 
072 7 |a 686  |x Knihařství. Sklenářství. Kancelářské potřeby  |2 Konspekt  |9 19 
072 7 |a 37.016  |x Učební osnovy. Vyučovací předměty. Učebnice  |2 Konspekt  |9 22 
080 |a [655.1+686.1]:74/77  |2 MRF 
080 |a 686.122  |2 MRF 
080 |a 686.1(091)  |2 MRF 
080 |a 686.1.039  |2 MRF 
080 |a 620.2  |2 MRF 
080 |a (048.8)  |2 MRF 
080 |a (075.8)  |2 MRF 
100 1 |a Čabalová, Eliška,  |d 1955-  |7 jn20000402984  |4 aut 
245 1 0 |a Nápady a výpůjčky :  |b inovace studijních programů hudební a výtvarné umění Ostravské univerzity /  |c Eliška Čabalová 
250 |a Vydání první 
264 1 |a Ostrava :  |b Ostravská univerzita v Ostravě,  |c 2014 
300 |a 64 stran :  |b barevné ilustrace ;  |c 30 cm 
336 |a text  |b txt  |2 rdacontent 
337 |a bez média  |b n  |2 rdamedia 
338 |a svazek  |b nc  |2 rdacarrier 
504 |a Obsahuje bibliografii a bibliografické odkazy 
521 8 |a Určeno pro vzdělávání v akreditovaných studijních programech 
650 0 7 |a knižní umění  |7 ph114938  |2 czenas 
650 0 7 |a knižní vazby  |7 ph114939  |2 czenas 
650 0 7 |a dějiny knihařství  |7 ph676067  |2 czenas 
650 0 7 |a knihařské nástroje  |7 ph156597  |2 czenas 
650 0 7 |a materiálové technologie  |7 ph556157  |2 czenas 
650 0 9 |a art of the book  |2 eczenas 
650 0 9 |a bookbindings  |2 eczenas 
650 0 9 |a history of bookbinding  |2 eczenas 
650 0 9 |a bookbinding tools  |2 eczenas 
650 0 9 |a material technologies  |2 eczenas 
655 7 |a monografie  |7 fd132842  |2 czenas 
655 7 |a učební texty  |7 fd133599  |2 czenas 
655 9 |a monographs  |2 eczenas 
655 9 |a educational texts  |2 eczenas 
910 2 |a BOA001  |b 4-1348.016 
990 |a BK 
995 |a 01 
991 |b 201505  |c NOV  |e n 
996 6 |b 2610632578  |c 4-1348.016  |l MZK  |r Sklad / do 1 hodiny  |n 2  |p p.v.  |w 001504119  |u 000010  |a 1  |e BOA001  |j MZK50  |s P